[Event "1st Spanish League"]
[Site "Linares"]
[Date "2017.08.17"]
[Round "4"]
[White "Chueca Lorente, Javier"]
[Black "Fernandez Romero, Ernesto"]
[Result "0-1"]
[BlackTitle "IM"]
[WhiteElo "2103"]
[BlackElo "2492"]
[Board "4"]
[WhiteCountry "ESP"]
[WhiteFideId "22216405"]
[BlackCountry "ESP"]
[BlackFideId "2214679"]
[WhiteEloChange "-2"]
[BlackEloChange "1"]

1. c4 e5 2. Nc3 Nc6 3. Nf3 f5 4. d3 Nf6 5. g3 Bc5 6. Bg2 O-O 7. O-O d6 8.
e3 Bb6 9. Na4 e4 10. Ne1 Ne5 11. Nxb6 axb6 12. f4 Nf7 13. b3 Bd7 14. Bb2
Bc6 15. dxe4 Bxe4 16. Bxe4 Nxe4 17. Qd5 Ra5 18. Qxb7 Qd7 19. b4 Nd8 20.
Qxe4 fxe4 21. bxa5 bxa5 22. a4 Ne6 23. Bc3 Ra8 24. f5 Nc5 25. f6 gxf6 26.
Bxf6 Rf8 27. Nc2 Nb3 28. Rad1 Qe6 29. Nd4 Nxd4 30. Bxd4 Qxc4 31. Rxf8+ Kxf8
32. Rf1+ Ke8 33. Rf4 c5 34. Bg7 Qc1+ 35. Kg2 Qxe3 36. Bh6 Qe2+ 37. Rf2 Qc4
38. Rf8+ Kd7 39. Rh8 Qe2+ 40. Kg1 Qd1+ 41. Kg2 Qf3+ 42. Kg1 e3 43. Rxh7+
Kc6 0-1

[Event "1st Spanish League"]
[Site "Linares"]
[Date "2017.08.17"]
[Round "4"]
[White "Perera Borrego, Maria Adela"]
[Black "Ortin Blanco, Ainhoa"]
[Result "1-0"]
[WhiteTitle "WFM"]
[WhiteElo "2116"]
[BlackElo "1961"]
[Board "5"]
[WhiteCountry "ESP"]
[WhiteFideId "22238255"]
[BlackCountry "ESP"]
[BlackFideId "32010117"]
[WhiteEloChange "6"]
[BlackEloChange "-6"]

1. d4 Nf6 2. Nf3 g6 3. Bf4 Bg7 4. e3 d6 5. h3 O-O 6. Be2 Nc6 7. O-O Re8 8.
Bh2 Bf5 9. c4 e5 10. Nc3 exd4 11. Nxd4 Nxd4 12. exd4 Ne4 13. Bf3 Qg5 14.
Nd5 Rac8 15. Bf4 Qh4 16. Be3 c6 17. Nc3 Ng5 18. Bg4 Bxg4 19. Qxg4 Qxg4 20.
hxg4 Ne4 21. Rac1 Nf6 22. g5 Ng4 23. Bf4 Bxd4 24. Bxd6 h6 25. gxh6 Nxh6 26.
Rfd1 Bf6 27. Bf4 Ng4 28. f3 Bxc3 29. Rxc3 Nf6 30. Kf2 Re6 31. Rb3 b6 32.
Ra3 Rce8 33. Rd2 R8e7 34. g4 Kg7 35. Ra6 Ne8 36. Bb8 Rb7 37. Rd8 Ree7 38.
a3 Rbd7 39. Rxd7 Rxd7 40. Rxa7 Rd2+ 41. Ke3 Rc2 42. Be5+ Kg8 43. Ra8 Kf8
44. Bd6+ Kg7 45. Rxe8 g5 46. Be5+ Kh7 47. Bc3 Rc1 48. Rc8 1-0

[Event "1st Spanish League"]
[Site "Linares"]
[Date "2017.08.17"]
[Round "4"]
[White "Nikolov, Momchil"]
[Black "Van Kampen, Robin"]
[Result "0-1"]
[WhiteTitle "GM"]
[BlackTitle "GM"]
[WhiteElo "2585"]
[BlackElo "2643"]
[Board "1"]
[WhiteCountry "BUL"]
[WhiteFideId "2905710"]
[BlackCountry "NED"]
[BlackFideId "1020854"]
[WhiteEloChange "-4"]
[BlackEloChange "4"]

1. d4 d5 2. c4 dxc4 3. Nf3 Nf6 4. e3 e6 5. Bxc4 c5 6. O-O Nc6 7. Qe2 a6 8.
dxc5 Bxc5 9. Rd1 Qe7 10. a4 O-O 11. b4 Bd6 12. Bb2 e5 13. e4 Bg4 14. Nbd2
Rad8 15. h3 Bh5 16. Nf1 Nd4 17. Bxd4 Bxf3 18. Qxf3 exd4 19. Nd2 Rc8 20.
Rac1 b5 21. Bd3 Rc3 22. Rxc3 dxc3 23. Nf1 Rd8 24. Bc2 Be5 25. g3 g6 26.
Rxd8+ Qxd8 27. Kg2 Qb6 28. Ne3 a5 29. Bd3 bxa4 30. bxa5 Bd4 31. Nc2 Nd7 32.
Qe2 Ne5 33. f4 Nxd3 34. Qxd3 Bg7 35. Qd5 Bf8 36. Qd3 Qc6 37. Kf3 h5 38. g4
h4 39. g5 Qc8 40. Ke2 Qe6 41. e5 Qc6 42. Kf2 Qh1 43. Qxc3 Qh2+ 44. Ke1 Qxf4
45. Kd1 Qxg5 46. Qd4 Bh6 0-1

[Event "1st Spanish League"]
[Site "Linares"]
[Date "2017.08.17"]
[Round "4"]
[White "Granero Roca, Antonio"]
[Black "Martinez Duany, Lelys Stanley"]
[Result "1/2-1/2"]
[WhiteTitle "IM"]
[BlackTitle "GM"]
[WhiteElo "2392"]
[BlackElo "2510"]
[Board "3"]
[WhiteCountry "ESP"]
[WhiteFideId "2210509"]
[BlackCountry "CUB"]
[BlackFideId "3504727"]
[WhiteEloChange "3"]
[BlackEloChange "-2"]

1. c4 f5 2. d4 Nf6 3. Nf3 g6 4. g3 Bg7 5. Bg2 O-O 6. O-O d6 7. b3 a5 8. Nc3
c6 9. Bb2 Qc7 10. d5 e6 11. dxe6 Bxe6 12. Qd2 Na6 13. Rad1 Rad8 14. Ba3 Nb4
15. Nd4 Rfe8 16. Nxe6 Rxe6 17. e3 Ree8 18. Na4 Ne4 19. Bxe4 fxe4 20. Bxb4
axb4 21. Qxb4 Re5 22. Qd2 Rh5 23. Nc3 Qe7 24. Ne2 Rh6 25. f4 exf3 26. Rxf3
Rh5 27. Nf4 Re5 28. Nd3 Re6 29. Nf4 Rf6 30. Rff1 Re8 31. Ng2 Re6 32. Nf4
Rf6 33. Ng2 Re6 34. Nf4 1/2-1/2

[Event "1st Spanish League"]
[Site "Linares"]
[Date "2017.08.17"]
[Round "4"]
[White "Andres Gonzalez, Ivan"]
[Black "Cano Sanchez, Josue"]
[Result "1/2-1/2"]
[WhiteTitle "FM"]
[BlackTitle "FM"]
[WhiteElo "2347"]
[BlackElo "2392"]
[Board "4"]
[WhiteCountry "ESP"]
[WhiteFideId "2217783"]
[BlackCountry "ESP"]
[BlackFideId "2224410"]
[WhiteEloChange "1"]
[BlackEloChange "-1"]

1. e4 c6 2. d4 d5 3. Nc3 dxe4 4. Nxe4 Bf5 5. Ng3 Bg6 6. Nh3 e6 7. Nf4 Qh4
8. c3 Nd7 9. Bc4 Bd6 10. Qf3 Ngf6 11. Be3 Nb6 12. Bb3 Nbd5 13. Nxg6 hxg6
14. Bd2 Bf4 15. Bxf4 Nxf4 16. Ne2 Nxe2 17. Qxe2 O-O-O 18. g3 Qh6 19. Bc2
Rd5 20. h4 g5 21. Kf1 g4 22. Qe3 Qh5 23. c4 Rd7 24. b4 Rhd8 25. Rd1 b5 26.
Bb3 Qf5 27. Kg2 bxc4 28. Bxc4 Qe4+ 29. Qxe4 Nxe4 30. Be2 Rxd4 31. Rxd4 Rxd4
32. Bxg4 Rd2 33. Rf1 Rxa2 34. Bf3 Nd2 35. Rc1 Nxf3 36. Kxf3 Kb7 37. h5 Ra4
38. Rc4 f5 39. g4 a5 40. g5 axb4 41. h6 gxh6 42. gxh6 e5 43. h7 Ra3+ 44.
Kg2 Ra8 45. Rxb4+ Kc7 46. Rh4 Rh8 47. Rh6 Kd7 48. Kg3 c5 49. Kh4 Ke7 50.
Kg5 Kf7 51. Kxf5 Kg7 52. Rh1 Rxh7 53. Rxh7+ Kxh7 54. Kxe5 Kg6 1/2-1/2

[Event "1st Spanish League"]
[Site "Linares"]
[Date "2017.08.17"]
[Round "4"]
[White "Nicolas Zapata, Irene"]
[Black "Vega Gutierrez, Belinda"]
[Result "1-0"]
[WhiteTitle "WIM"]
[BlackTitle "WIM"]
[WhiteElo "2287"]
[BlackElo "2178"]
[Board "5"]
[WhiteCountry "ESP"]
[WhiteFideId "22247270"]
[BlackCountry "ESP"]
[BlackFideId "2229994"]
[WhiteEloChange "7"]
[BlackEloChange "-7"]

1. Nf3 d5 2. d4 c6 3. c4 e6 4. g3 f5 5. Bg2 Nf6 6. O-O Bd6 7. b3 Qe7 8. Qc2
O-O 9. a4 a5 10. Ba3 Bxa3 11. Nxa3 b6 12. Ne5 Bb7 13. cxd5 cxd5 14. Rac1
Na6 15. Nb5 Rfc8 16. Qb2 Ne4 17. Rxc8+ Rxc8 18. Rc1 Nd6 19. Rxc8+ Bxc8 20.
Qc1 Bb7 21. Nxd6 Qxd6 22. g4 Nb4 23. gxf5 exf5 24. Qg5 Bc8 25. h4 Qf6 26.
Qc1 Ba6 27. Qc7 h5 28. Bf3 g6 29. Qd7 f4 30. Qe8+ Kg7 31. Nd7 Qd6 32. Ne5
Qf6 33. Qd7+ Kg8 34. Kg2 Kh8 35. Nf7+ Kg8 36. Ng5 Qf5 37. Qe8+ Kg7 38. Qe7+
Kg8 39. Ne6 Qf7 40. Qd8+ 1-0

[Event "1st Spanish League"]
[Site "Linares"]
[Date "2017.08.17"]
[Round "4"]
[White "Anton Guijarro, David"]
[Black "Martin Fuentes, Alberto"]
[Result "1-0"]
[WhiteTitle "GM"]
[BlackTitle "FM"]
[WhiteElo "2654"]
[BlackElo "2405"]
[Board "1"]
[WhiteCountry "ESP"]
[WhiteFideId "2285525"]
[BlackCountry "ESP"]
[BlackFideId "2292289"]
[WhiteEloChange "2"]
[BlackEloChange "-2"]

1. Nf3 Nf6 2. c4 c5 3. Nc3 Nc6 4. g3 d6 5. Bg2 g6 6. O-O Bg7 7. e3 O-O 8.
h3 Be6 9. Qe2 h6 10. b3 d5 11. Bb2 Qd7 12. Kh2 dxc4 13. bxc4 Bf5 14. Ne1
Rfd8 15. Rd1 Rac8 16. d3 e5 17. g4 Be6 18. Nf3 b6 19. a3 Ne8 20. Kh1 Nc7
21. Ng1 Kh7 22. Ne4 Ne8 23. Ng3 Nd6 24. Nf3 Qe7 25. Nd2 Re8 26. Kh2 Qc7 27.
Kg1 Qe7 28. Ba1 Qc7 29. Nb1 Qd7 30. Nc3 Kh8 31. Nd5 f5 32. gxf5 Nxf5 33.
Nxf5 Bxf5 34. Qf3 e4 35. dxe4 Bxe4 36. Nf6 Bxf3 37. Rxd7 Rf8 38. Nh7 Rg8
39. Bxf3 Bxa1 40. Bxc6 Bg7 41. Bd5 Rgd8 42. Rxa7 Kxh7 43. Rb1 Rb8 44. a4 h5
45. Rb5 Kh6 46. Ra6 Rd6 47. a5 Bf6 48. Raxb6 Rdxb6 49. axb6 Be7 50. b7 Kg5
51. Kg2 Kf5 52. Rb6 1-0

[Event "1st Spanish League"]
[Site "Linares"]
[Date "2017.08.17"]
[Round "4"]
[White "Almagro Llamas, Pablo"]
[Black "Pozueta Alegria, Adrian"]
[Result "1-0"]
[WhiteTitle "IM"]
[WhiteElo "2466"]
[BlackElo "2186"]
[Board "3"]
[WhiteCountry "ESP"]
[WhiteFideId "2221799"]
[BlackCountry "ESP"]
[BlackFideId "22201173"]
[WhiteEloChange "2"]
[BlackEloChange "-3"]

1. Nf3 f5 2. d3 Nf6 3. g3 g6 4. Bg2 Bg7 5. O-O O-O 6. e4 d6 7. exf5 Bxf5 8.
d4 c6 9. c4 Na6 10. Nc3 Qc7 11. d5 e5 12. dxe6 Bxe6 13. b3 Nc5 14. Be3 Rad8
15. Nd4 Bc8 16. h3 Qa5 17. Qc2 Ne6 18. Rad1 Nxd4 19. Bxd4 Qh5 20. Qe2 Bg4
21. hxg4 Nxg4 22. Qe6+ Rf7 23. Rfe1 Qh2+ 24. Kf1 Nxf2 25. Bxf2 Bxc3 26. Re3
Bf6 27. Rf3 1-0

[Event "1st Spanish League"]
[Site "Linares"]
[Date "2017.08.17"]
[Round "4"]
[White "Garcia Perez, Javier"]
[Black "Espinosa Aranda, Angel"]
[Result "0-1"]
[BlackTitle "IM"]
[WhiteElo "2102"]
[BlackElo "2454"]
[Board "4"]
[WhiteCountry "ESP"]
[WhiteFideId "22238751"]
[BlackCountry "ESP"]
[BlackFideId "2278189"]
[WhiteEloChange "-2"]
[BlackEloChange "1"]

1. e4 c5 2. Nc3 a6 3. g3 b5 4. Bg2 Bb7 5. d3 e6 6. Nh3 Nc6 7. O-O Qc7 8. f4
h5 9. e5 d6 10. exd6 Bxd6 11. Ne4 Nf6 12. Nhf2 Be7 13. Nxf6+ gxf6 14. Be3
Nd4 15. Bxb7 Qxb7 16. Bxd4 cxd4 17. Ne4 f5 18. Nd2 Rc8 19. Nf3 h4 20. a4
hxg3 21. hxg3 Rg8 22. Kh2 e5 23. fxe5 f4 24. Qd2 Qd7 25. Rac1 Rxg3 26. Kh1
Rc6 27. Qxf4 Qh3+ 28. Nh2 Qg2# 0-1

[Event "1st Spanish League"]
[Site "Linares"]
[Date "2017.08.17"]
[Round "4"]
[White "Rodrigo Yanguas, Maria"]
[Black "Prado Acebo, Ines"]
[Result "1-0"]
[WhiteTitle "WFM"]
[BlackTitle "WFM"]
[WhiteElo "2076"]
[BlackElo "2107"]
[Board "5"]
[WhiteCountry "ESP"]
[WhiteFideId "2281201"]
[BlackCountry "ESP"]
[BlackFideId "22251235"]
[WhiteEloChange "11"]
[BlackEloChange "-11"]

1. e4 e6 2. d4 d5 3. Nd2 c5 4. exd5 Qxd5 5. Ngf3 cxd4 6. Bc4 Qd7 7. O-O Nc6
8. Nb3 Nf6 9. Nbxd4 Nxd4 10. Nxd4 a6 11. a4 Qc7 12. Qe2 Bd6 13. h3 O-O 14.
Bg5 Ne4 15. Be3 b6 16. b3 Bb7 17. Qg4 Be5 18. Rad1 Nf6 19. Qh4 Nd5 20. Bg5
h6 21. Bc1 Rad8 22. Nf3 Bf6 23. Qg4 Kh8 24. Rfe1 Nc3 25. Bf4 Qc5 26. Rxd8
Rxd8 27. Ne5 Ne4 28. Nxf7+ Kh7 29. Be3 Qb4 30. Rf1 Rf8 31. Bxe6 Qe7 32.
Bf5+ Kg8 33. Nxh6+ Kh8 34. Bxe4 Bxe4 35. Nf5 Qe5 36. Nd4 Qd5 37. c3 Be5 38.
Ne6 Rf5 39. Qg6 Rf6 40. Qe8+ Kh7 41. Ng5+ Kh6 42. Nxe4+ 1-0

[Event "1st Spanish League"]
[Site "Linares"]
[Date "2017.08.18"]
[Round "5"]
[White "Martin Fuentes, Alberto"]
[Black "Antipov, Mikhail Al."]
[Result "1-0"]
[WhiteTitle "FM"]
[BlackTitle "GM"]
[WhiteElo "2405"]
[BlackElo "2580"]
[Board "1"]
[WhiteCountry "ESP"]
[WhiteFideId "2292289"]
[BlackCountry "RUS"]
[BlackFideId "4107012"]
[WhiteEloChange "7"]
[BlackEloChange "-7"]

1. e4 c6 2. Nc3 d5 3. Nf3 Bg4 4. h3 Bxf3 5. Qxf3 e6 6. g3 Nf6 7. Bg2 Bb4 8.
O-O Bxc3 9. Qxc3 dxe4 10. b3 Na6 11. Re1 Nc7 12. Bxe4 Nxe4 13. Rxe4 O-O 14.
Bb2 f6 15. d4 Rf7 16. Rae1 f5 17. Re5 f4 18. Qd3 fxg3 19. fxg3 Qe7 20. Rf1
Raf8 21. Rxf7 Qxf7 22. Qe2 Qg6 23. Kh2 h6 24. Ba3 Rf7 25. c4 Rd7 26. Bb2
Qb1 27. Bc3 Rf7 28. Kg2 Qc1 29. Bb2 Qb1 30. Bc3 Qc1 31. Bb4 Qa1 32. Re4 Rd7
33. Rf4 Qb1 34. h4 Kh7 35. h5 1-0

[Event "1st Spanish League"]
[Site "Linares"]
[Date "2017.08.18"]
[Round "5"]
[White "Perez Candelario, Manuel"]
[Black "Tejedor Fuente, Enrique"]
[Result "1-0"]
[WhiteTitle "GM"]
[BlackTitle "FM"]
[WhiteElo "2586"]
[BlackElo "2361"]
[Board "2"]
[WhiteCountry "ESP"]
[WhiteFideId "2210622"]
[BlackCountry "ESP"]
[BlackFideId "2299100"]
[WhiteEloChange "2"]
[BlackEloChange "-4"]

1. e4 c5 2. Nf3 e6 3. d4 cxd4 4. Nxd4 Nf6 5. Nc3 d6 6. g4 h6 7. h3 Nc6 8.
Bg2 Bd7 9. f4 Nxd4 10. Qxd4 Bc6 11. Be3 Be7 12. O-O-O Qa5 13. Rhg1 Qd8 14.
Rh1 Qa5 15. Rhg1 e5 16. Qd2 exf4 17. Bxf4 Rd8 18. Kb1 Nd7 19. Qf2 O-O 20.
Nd5 Rfe8 21. Rgf1 Nf6 22. Nxe7+ Rxe7 23. Bxh6 Nxe4 24. Bxe4 Bxe4 25. Bxg7
Rc8 26. Qh4 Bxc2+ 27. Ka1 Kxg7 28. Qxe7 Bb3 29. a3 Qc5 30. Rde1 Qd4 31.
Qg5+ Kf8 32. Qh6+ Qg7 33. Qxd6+ Kg8 34. Rf5 Bc2 35. Rc5 Rxc5 36. Qxc5 Bg6
37. Qxa7 Qf6 38. Qxb7 Qh4 39. Qc8+ Kh7 40. Qc3 Qf2 41. Ka2 Qg2 42. a4 Qd5+
43. b3 Qg2+ 44. Ka3 Qh2 45. Re5 Qf4 46. a5 Qf1 47. Re8 Kh6 48. h4 f6 49.
Re6 Qb5 50. h5 1-0

[Event "1st Spanish League"]
[Site "Linares"]
[Date "2017.08.18"]
[Round "5"]
[White "Gonzalez Laso, Adrian"]
[Black "Santos Latasa, Jaime"]
[Result "0-1"]
[BlackTitle "IM"]
[WhiteElo "2210"]
[BlackElo "2524"]
[Board "3"]
[WhiteCountry "ESP"]
[WhiteFideId "22223860"]
[BlackCountry "ESP"]
[BlackFideId "2293307"]
[WhiteEloChange "-3"]
[BlackEloChange "1"]

1. e4 c5 2. Nc3 Nc6 3. g3 g6 4. Bg2 Bg7 5. d3 d6 6. Be3 e5 7. Qd2 Nge7 8.
Bh6 Bxh6 9. Qxh6 Nd4 10. Qd2 Be6 11. Nd5 Nxd5 12. exd5 Bd7 13. c3 Nf5 14.
Ne2 O-O 15. O-O b5 16. d4 exd4 17. cxd4 c4 18. Nc3 Qb6 19. Rad1 b4 20. Ne4
Kg7 21. Qf4 f6 22. Rfe1 h5 23. h3 Rae8 24. Bf1 Bb5 25. a4 Bxa4 26. Rc1 a5
27. Bxc4 Qxd4 28. b3 Bd7 29. Rcd1 Qb6 30. g4 hxg4 31. hxg4 Nh4 32. Nxd6
Nf3+ 33. Qxf3 Qxd6 34. Ra1 Re5 35. Rxe5 fxe5 36. Qe3 a4 37. bxa4 Rf4 38.
Be2 Bxg4 39. f3 Bh5 40. Rc1 Qf6 41. Rc7+ Kh6 42. Kf1 b3 43. Rb7 e4 44. Rxb3
exf3 45. Bd1 Qh4 46. Rb1 Qh1+ 47. Qg1 Qh3+ 0-1

[Event "1st Spanish League"]
[Site "Linares"]
[Date "2017.08.18"]
[Round "5"]
[White "Moreno Tejera, Emilio"]
[Black "Garcia Perez, Javier"]
[Result "1-0"]
[WhiteTitle "IM"]
[WhiteElo "2426"]
[BlackElo "2102"]
[Board "4"]
[WhiteCountry "ESP"]
[WhiteFideId "2227584"]
[BlackCountry "ESP"]
[BlackFideId "22238751"]
[WhiteEloChange "1"]
[BlackEloChange "-3"]

1. e4 e6 2. d4 d5 3. Nd2 Be7 4. Bd3 c5 5. dxc5 Nf6 6. Qe2 O-O 7. Ngf3 a5 8.
O-O Na6 9. e5 Nd7 10. c4 Naxc5 11. Bc2 b6 12. Nd4 Qc7 13. f4 g6 14. b3 Ba6
15. Bb2 Rfd8 16. Rae1 Bf8 17. Qg4 dxc4 18. Nxc4 Bg7 19. Qf3 Na4 20. Ba1 Bf8
21. Kh1 Nac5 22. f5 exf5 23. Nxf5 Ne6 24. Ne7+ Bxe7 25. Qxf7+ Kh8 26. Qxe6
1-0

[Event "1st Spanish League"]
[Site "Linares"]
[Date "2017.08.18"]
[Round "5"]
[White "Prado Acebo, Ines"]
[Black "Hernandez Estevez, Yudania"]
[Result "0-1"]
[WhiteTitle "WFM"]
[BlackTitle "WIM"]
[WhiteElo "2107"]
[BlackElo "2211"]
[Board "5"]
[WhiteCountry "ESP"]
[WhiteFideId "22251235"]
[BlackCountry "ESP"]
[BlackFideId "2219344"]
[WhiteEloChange "-7"]
[BlackEloChange "7"]

1. d4 d5 2. c4 e6 3. Nc3 c6 4. cxd5 exd5 5. Nf3 Nf6 6. Bg5 Be7 7. e3 Bf5 8.
Bd3 Bxd3 9. Qxd3 Nbd7 10. O-O O-O 11. a3 a5 12. Na4 Ne4 13. Bxe7 Qxe7 14.
Rfb1 Rfe8 15. b4 b5 16. Nc5 Nexc5 17. dxc5 Ne5 18. Nxe5 Qxe5 19. Qd1 g6 20.
a4 axb4 21. axb5 Rxa1 22. Rxa1 cxb5 23. Rb1 Rc8 24. Qd4 Qe7 25. Rc1 b3 26.
Qc3 b2 27. Qxb2 Rxc5 28. Ra1 Qb7 29. Ra5 Qc6 30. g3 d4 31. Ra1 d3 32. Qd4
Rd5 33. Qb2 h5 34. Rc1 Qd7 35. e4 Rd4 36. Qd2 Rxe4 37. Rc3 Rd4 38. Rc5 Rd5
39. Rc3 h4 40. Ra3 Qd8 41. Ra6 Rd6 42. Ra7 h3 43. Qa2 Qf6 0-1

[Event "1st Spanish League"]
[Site "Linares"]
[Date "2017.08.18"]
[Round "5"]
[White "Granda Zuniga, Julio E"]
[Black "Nikolov, Momchil"]
[Result "1/2-1/2"]
[WhiteTitle "GM"]
[BlackTitle "GM"]
[WhiteElo "2662"]
[BlackElo "2585"]
[Board "1"]
[WhiteCountry "PER"]
[WhiteFideId "3800024"]
[BlackCountry "BUL"]
[BlackFideId "2905710"]
[WhiteEloChange "-1"]
[BlackEloChange "1"]

1. Nf3 Nf6 2. b3 c5 3. e3 g6 4. Bb2 Bg7 5. c4 O-O 6. Be2 Nc6 7. O-O b6 8.
d4 cxd4 9. exd4 d5 10. Re1 Bb7 11. Bf1 Rc8 12. Na3 e6 13. Nc2 Rc7 14. c5
Ne4 15. cxb6 axb6 16. b4 Qf6 17. a3 Rfc8 18. Ne3 h5 19. Bd3 Ne7 20. Qe2 Nc3
21. Qf1 Na4 22. Bc1 Bh6 23. Ba6 Nc3 24. Bxb7 Rxb7 25. Nxd5 Nexd5 26. Bxh6
Ra7 27. Bd2 Rca8 28. Qc4 b5 29. Qc5 Rc7 30. Qd6 Rca7 31. h4 Qe7 32. Qe5 Qc7
33. Qg5 Qe7 34. Bxc3 Qxg5 35. hxg5 Nxc3 36. Re3 Rxa3 37. Rxa3 Rxa3 38. Kh2
Nb1 39. Re5 Nc3 40. Re3 Nb1 41. Ne1 Rxe3 42. fxe3 Nc3 43. Kg3 f6 44. gxf6
Kf7 45. Kf3 Kxf6 46. e4 g5 47. Nc2 e5 48. g3 exd4 49. Nxd4 Ke5 50. Nc6+ Kd6
51. Nd4 Ke5 52. Nc6+ Kd6 53. Nd4 Ke5 54. Nc6+ 1/2-1/2

[Event "1st Spanish League"]
[Site "Linares"]
[Date "2017.08.18"]
[Round "5"]
[White "Oliva Castaneda, Kevel"]
[Black "Vazquez Igarza, Renier"]
[Result "1/2-1/2"]
[WhiteTitle "IM"]
[BlackTitle "GM"]
[WhiteElo "2497"]
[BlackElo "2574"]
[Board "2"]
[WhiteCountry "CUB"]
[WhiteFideId "3500799"]
[BlackCountry "ESP"]
[BlackFideId "3503054"]
[WhiteEloChange "1"]
[BlackEloChange "-1"]

1. d4 Nf6 2. Bf4 g6 3. Nf3 d6 4. h3 c5 5. dxc5 Qa5+ 6. Nc3 Qxc5 7. e4 Bg7
8. Qd2 Nc6 9. Be3 Qa5 10. Bc4 O-O 11. O-O Bd7 12. a3 Rac8 13. Rad1 b5 14.
Bb3 b4 15. axb4 Qxb4 16. Bg5 Be6 17. Nd5 Qxd2 18. Nxd2 Bxd5 19. Bxd5 Nxd5
20. exd5 h6 21. Be3 Nb4 22. c4 Bxb2 23. Rb1 Nd3 24. Bxa7 f5 25. Rfd1 Ra8
26. Bb6 Rfb8 27. Nf3 Rxb6 28. Rxd3 Bd4 29. Re1 Bf6 30. Nd4 Rb2 31. Nc6 Kf7
32. Rde3 Raa2 33. Rf3 Re2 34. Rb1 Rab2 35. Ra1 h5 36. Nd8+ Kg7 37. Ne6+ Kh7
38. Rc1 Rbc2 39. Rxc2 Rxc2 40. g4 hxg4 41. hxg4 fxg4 42. Rf4 g5 43. Rxg4
Kh6 44. f3 Kh5 45. Re4 Kg6 46. Rg4 Kf5 47. Re4 Ra2 48. Rg4 Rb2 49. Re4 Be5
50. Nd4+ Bxd4+ 51. Rxd4 Re2 52. Kf1 Rh2 53. Re4 Kf6 54. c5 dxc5 55. Rc4 Ke5
56. Rxc5 Kf4 57. Rc3 Rd2 58. Rc7 Kxf3 59. Rc3+ Kf4 60. Rc7 Kg3 61. Rxe7
Rxd5 62. Re1 Kh2 63. Re2+ Kh3 64. Re3+ 1/2-1/2

[Event "1st Spanish League"]
[Site "Linares"]
[Date "2017.08.18"]
[Round "5"]
[White "Moreno Ruiz, Javier"]
[Black "Granero Roca, Antonio"]
[Result "1/2-1/2"]
[WhiteTitle "IM"]
[BlackTitle "IM"]
[WhiteElo "2460"]
[BlackElo "2392"]
[Board "3"]
[WhiteCountry "ESP"]
[WhiteFideId "2203146"]
[BlackCountry "ESP"]
[BlackFideId "2210509"]
[WhiteEloChange "-1"]
[BlackEloChange "2"]

1. d4 Nf6 2. c4 e6 3. Nc3 Bb4 4. f3 d5 5. a3 Bxc3+ 6. bxc3 O-O 7. cxd5 exd5
8. e3 c5 9. Bd3 b6 10. Ne2 Ba6 11. O-O Re8 12. Ng3 Bxd3 13. Qxd3 Nc6 14.
Bb2 Rc8 15. Rae1 Na5 16. e4 cxd4 17. cxd4 Qc7 18. e5 Nd7 19. Rc1 Qd8 20.
Nf5 Nc4 21. Rc2 Nf8 22. Bc1 Re6 23. f4 Rec6 24. Qg3 Rg6 25. Qf3 Rgc6 26.
Qg3 Rg6 27. Qf3 Rgc6 28. Qg3 Rg6 29. Qf3 Rgc6 30. Qg3 Rg6 1/2-1/2

[Event "1st Spanish League"]
[Site "Linares"]
[Date "2017.08.18"]
[Round "5"]
[White "Cano Sanchez, Josue"]
[Black "Martin Duque, Jesus"]
[Result "1-0"]
[WhiteTitle "FM"]
[BlackTitle "FM"]
[WhiteElo "2392"]
[BlackElo "2386"]
[Board "4"]
[WhiteCountry "ESP"]
[WhiteFideId "2224410"]
[BlackCountry "ESP"]
[BlackFideId "2208954"]
[WhiteEloChange "10"]
[BlackEloChange "-10"]

1. Nf3 c5 2. e3 Nf6 3. c4 g6 4. Nc3 Bg7 5. d4 O-O 6. d5 d6 7. Bd3 e6 8. h3
exd5 9. cxd5 a6 10. a4 Nbd7 11. O-O Re8 12. Re1 Nh5 13. e4 Ne5 14. Be2
Nxf3+ 15. Bxf3 Qh4 16. Be3 Be5 17. Qd2 Nf4 18. Bg4 Bxg4 19. Bxf4 Bd7 20.
Bxe5 Rxe5 21. f4 Qh6 22. Qf2 Rh5 23. e5 Bf5 24. Ne4 Bxe4 25. Rxe4 Qf8 26.
Kh2 Qc8 27. Rae1 dxe5 28. fxe5 Rf5 29. Qe3 f6 30. exf6 Qc7+ 31. Kh1 Rxf6
32. Re7 Qc8 33. Qh6 1-0

[Event "1st Spanish League"]
[Site "Linares"]
[Date "2017.08.18"]
[Round "5"]
[White "Collazo Hidalgo-Gato, Niala"]
[Black "Nicolas Zapata, Irene"]
[Result "1-0"]
[WhiteTitle "WIM"]
[BlackTitle "WIM"]
[WhiteElo "2198"]
[BlackElo "2287"]
[Board "5"]
[WhiteCountry "ESP"]
[WhiteFideId "3504476"]
[BlackCountry "ESP"]
[BlackFideId "22247270"]
[WhiteEloChange "13"]
[BlackEloChange "-13"]

1. e4 g6 2. d4 Bg7 3. Nc3 c6 4. Nf3 d6 5. a4 Nf6 6. Be2 O-O 7. O-O Bg4 8.
Be3 Nbd7 9. h3 Bxf3 10. Bxf3 e5 11. g3 Qa5 12. Bg2 Rad8 13. Qb1 Qb4 14. a5
d5 15. Ra4 Qe7 16. dxe5 Nxe5 17. exd5 Nxd5 18. Nxd5 cxd5 19. Bxa7 Nc4 20.
b3 Qd7 21. Rd1 Nb2 22. Rxd5 Qe6 23. Rxd8 Rxd8 24. Re4 Qf5 25. Qa2 Nd1 26.
Re1 Bd4 27. Bxd4 Rxd4 28. c4 Qd7 29. Qe2 Rd2 30. Qe8+ Kg7 31. Qxd7 Rxd7 32.
Bf3 Nc3 33. Re8 Rd3 34. Kg2 Nb1 35. Bxb7 Rxb3 36. a6 Ra3 37. c5 Nc3 38. Re3
1-0

[Event "1st Spanish League"]
[Site "Linares"]
[Date "2017.08.18"]
[Round "5"]
[White "Glavina, Pablo"]
[Black "Anton Guijarro, David"]
[Result "0-1"]
[WhiteTitle "IM"]
[BlackTitle "GM"]
[WhiteElo "2400"]
[BlackElo "2654"]
[Board "1"]
[WhiteCountry "ARG"]
[WhiteFideId "100234"]
[BlackCountry "ESP"]
[BlackFideId "2285525"]
[WhiteEloChange "-2"]
[BlackEloChange "2"]

1. c4 e5 2. Nc3 Nf6 3. Nf3 Nc6 4. e3 Be7 5. d4 exd4 6. Nxd4 O-O 7. Be2 Bb4
8. Qb3 Qe7 9. a3 Nxd4 10. exd4 Bxc3+ 11. Qxc3 d5 12. c5 Bg4 13. Qc2 Rfe8
14. Be3 Bxe2 15. Qxe2 Qe4 16. O-O Qxd4 17. Qb5 Qe5 18. Qb4 a5 19. Qh4 Qe4
20. Qg3 d4 21. Bg5 Nd5 22. Rad1 c6 23. Qb3 Qe5 24. Bc1 Nf6 25. Qxb7 Ng4 26.
g3 Qxc5 27. Bf4 Qd5 28. Rc1 Rac8 29. Rfe1 g5 30. h3 gxf4 31. hxg4 d3 0-1